The Living day lights [

For 18 + with elements for mature audiences (violence, horror, sex, politics, religion, counter-culture) (18)

Bibliographic Details
Main Author: Glen, John
Format: Book
Published: s.l. : MGM Home Entertainment , 1981, 2004
Subjects:

MARC

LEADER 00000cam a2200000 7i4500
001 0000166345
005 20120928.0
090 0 0 |a F   |b LIV 
100 1 |a Glen, John 
245 1 4 |a The Living day lights [  |h digital video disc]   |c John Glen 
260 |a s.l. :   |b MGM Home Entertainment ,   |c 1981, 2004 
300 |a 2 digital video disc (120 minutes) :   |b col 
500 |a Library has 2 copies 
520 0 |a For 18 + with elements for mature audiences (violence, horror, sex, politics, religion, counter-culture) (18) 
650 0 0 |a Movies, English 
999 |a AV 30524   |b DIGITAL VIDEO DISC   |c PINJAMAN   |e PERPUSTAKAAN KOMUNITI PETALING JAYA 
999 |a AV 30525   |b DIGITAL VIDEO DISC   |c PINJAMAN   |e PERPUSTAKAAN KOMUNITI PETALING JAYA